000 00204nam a2200097Ia 4500
008 230605s9999 xx 000 0 und d
041 _aeng
100 _aKasu
245 _aInterior design
650 _aH.K.
999 _c417185
_d417185